[Event "Liga Madrileña - DH 2014-2015"]
[Site "Madrid ESP"]
[Date "2015.02.22"]
[Round "11.44"]
[White "Fernandez Garcia, Miguel Angel"]
[Black "Rodriguez Vignote, Javier"]
[Result "1-0"]
[WhiteElo "2341"]
[BlackElo "1964"]
[PlyCount "85"]
[EventDate "2014.11.23"]
[EventType "team-tourn"]
[EventRounds "14"]
[EventCountry "ESP"]
[Source "lmi"]
[SourceDate "2014.11.23"]
[WhiteTeam "Liberty Chess"]
[BlackTeam "Blanco y Negro"]
[WhiteTeamCountry "ESP"]
[BlackTeamCountry "ESP"]

1. d4 Nf6 2. c4 e6 3. Nf3 b6 4. Bf4 Bb7 5. Nc3 Bb4 6. Qb3 c5 7. dxc5 Bxc5 8. e3
O-O 9. Rd1 Qc8 10. Nb5 Ne8 11. Be2 Nc6 12. O-O a6 13. Nc3 Na5 14. Qa4 Nc6 15.
a3 Nf6 16. b4 Be7 17. Qb3 Ra7 18. e4 Ba8 19. e5 Ne8 20. Be3 Qb8 21. Na4 Bd8 22.
Qb2 f6 23. exf6 Nxf6 24. Qd2 Bc7 25. h3 Rd8 26. Nc3 d5 27. cxd5 Nxd5 28. Nxd5
Rxd5 29. Qa2 Ne5 30. Ng5 Qe8 31. Qc2 g6 32. Ne4 Qf7 33. f4 Nd7 34. Ng5 Qe7 35.
Bc4 Bb8 36. Bxd5 Bxd5 37. Qc8+ Kg7 38. Rxd5 exd5 39. Bd4+ Kh6 40. Qg8 Nf6 41.
Qxb8 Ne4 42. Nxe4 dxe4 43. Be3 1-0

[Event "Liga Madrileña - DH 2014-2015"]
[Site "Madrid ESP"]
[Date "2015.02.22"]
[Round "11.45"]
[White "Barroso Barroso, Jorge"]
[Black "Gallardo Garcia, Andres"]
[Result "0-1"]
[WhiteElo "1870"]
[BlackElo "2329"]
[PlyCount "58"]
[EventDate "2014.11.23"]
[EventType "team-tourn"]
[EventRounds "14"]
[EventCountry "ESP"]
[Source "lmi"]
[SourceDate "2014.11.23"]
[WhiteTeam "Blanco y Negro"]
[BlackTeam "Liberty Chess"]
[WhiteTeamCountry "ESP"]
[BlackTeamCountry "ESP"]

1. e4 c5 2. c4 Nc6 3. Ne2 g6 4. d4 Bg7 5. dxc5 Qa5+ 6. Nbc3 Nf6 7. Bd2 Qxc5 8.
Be3 Qxc4 9. Nd4 Qb4 10. Ndb5 O-O 11. a3 Qa5 12. b4 Qd8 13. Nd4 d5 14. exd5 Nxd5
15. Nxd5 Qxd5 16. Nxc6 Qxc6 17. Rc1 Qe4 18. Qd3 Qe5 19. Be2 Bf5 20. Qb3 Qb2 21.
Qxb2 Bxb2 22. Rc7 Bxa3 23. Rxb7 Be4 24. Rxa7 Bxg2 25. Rg1 Bxb4+ 26. Kd1 Be4 27.
Rg4 Rxa7 28. Bxa7 Rd8+ 29. Kc1 Ba3# 0-1

[Event "Liga Madrileña - DH 2014-2015"]
[Site "Madrid ESP"]
[Date "2015.02.22"]
[Round "11.46"]
[White "Hinojar Diez, David"]
[Black "Herranz Sanchez, Pablo"]
[Result "1-0"]
[WhiteElo "2164"]
[BlackElo "1881"]
[PlyCount "115"]
[EventDate "2014.11.23"]
[EventType "team-tourn"]
[EventRounds "14"]
[EventCountry "ESP"]
[Source "lmi"]
[SourceDate "2014.11.23"]
[WhiteTeam "Liberty Chess"]
[BlackTeam "Blanco y Negro"]
[WhiteTeamCountry "ESP"]
[BlackTeamCountry "ESP"]

1. d4 Nf6 2. c4 c5 3. d5 b5 4. Nd2 bxc4 5. e4 d6 6. Bxc4 g6 7. Ngf3 Nbd7 8. b3
Bg7 9. Bb2 O-O 10. Qe2 Ng4 11. Bxg7 Kxg7 12. O-O Nge5 13. Ba6 Qb6 14. Bxc8
Rfxc8 15. Nxe5 Nxe5 16. f4 c4+ 17. Kh1 c3 18. fxe5 cxd2 19. exd6 Qxd6 20. Rad1
Rc2 21. Rxd2 Rxd2 22. Qxd2 Qe5 23. Qc2 a5 24. Qc4 Ra7 25. Rc1 Rb7 26. Qc3 Qxc3
27. Rxc3 a4 28. Kg1 axb3 29. axb3 Kf6 30. Rf3+ Kg7 31. e5 f6 32. exf6+ exf6 33.
Kf2 Rd7 34. Rd3 Kf7 35. Ke3 Ke7 36. Kd4 Rc7 37. Re3+ Kd7 38. g4 Rc2 39. h3 Rd2+
40. Kc4 Rc2+ 41. Rc3 Rf2 42. Kc5 f5 43. gxf5 gxf5 44. Kd4 Re2 45. Rf3 Re4+ 46.
Kc5 f4 47. b4 Re3 48. Rxf4 Rxh3 49. Rf7+ Kd8 50. b5 Rh1 51. b6 Kc8 52. d6 Rc1+
53. Kd5 Rd1+ 54. Ke6 Re1+ 55. Kf6 Rd1 56. Rc7+ Kd8 57. Ke6 Re1+ 58. Kf7 1-0

[Event "Liga Madrileña - DH 2014-2015"]
[Site "Madrid ESP"]
[Date "2015.03.01"]
[Round "12.11"]
[White "Valles Moreno, Ivan"]
[Black "Candela Perez, Jose"]
[Result "1-0"]
[WhiteElo "2391"]
[BlackElo "2430"]
[PlyCount "55"]
[EventDate "2014.11.23"]
[EventType "team-tourn"]
[EventRounds "14"]
[EventCountry "ESP"]
[Source "lmi"]
[SourceDate "2014.11.23"]
[WhiteTeam "Liberty Chess"]
[BlackTeam "La Casa del Ajedrez"]
[WhiteTeamCountry "ESP"]
[BlackTeamCountry "ESP"]

1. e4 c5 2. Nf3 d6 3. d4 cxd4 4. Nxd4 Nf6 5. Nc3 a6 6. Be3 e6 7. g4 e5 8. Nf5
g6 9. g5 gxf5 10. exf5 d5 11. Qf3 d4 12. O-O-O Nbd7 13. Bc4 Qc7 14. Bxd4 Qxc4
15. Rhe1 Bd6 16. gxf6 a5 17. Qf4 Bc7 18. Qd2 Kd8 19. Bxe5 Bxe5 20. Rxe5 Qc6 21.
Rd5 b6 22. Nb5 Rf8 23. a4 Rb8 24. Rd6 Qb7 25. Qe3 Re8 26. Qg3 Ra8 27. Nd4 Qe4
28. Nc6+ 1-0

[Event "Liga Madrileña - DH 2014-2015"]
[Site "Madrid ESP"]
[Date "2015.03.01"]
[Round "12.12"]
[White "Gallego Jimenez, Victoriano"]
[Black "Perez Gonzalez, Jose Manuel"]
[Result "1-0"]
[WhiteElo "2340"]
[BlackElo "2349"]
[PlyCount "149"]
[EventDate "2014.11.23"]
[EventType "team-tourn"]
[EventRounds "14"]
[EventCountry "ESP"]
[Source "lmi"]
[SourceDate "2014.11.23"]
[WhiteTeam "La Casa del Ajedrez"]
[BlackTeam "Liberty Chess"]
[WhiteTeamCountry "ESP"]
[BlackTeamCountry "ESP"]

1. c4 g6 2. Nc3 Bg7 3. g3 c5 4. Bg2 Nc6 5. Nf3 e5 6. O-O Nge7 7. a3 O-O 8. Rb1
a5 9. Ne1 d6 10. Nc2 Be6 11. Nd5 Bxd5 12. cxd5 Nd4 13. Na1 Qb6 14. a4 Qa6 15.
d3 b5 16. e3 Ndf5 17. axb5 Qxb5 18. Nc2 Nc8 19. Na3 Qa6 20. Nc4 Nb6 21. Nxb6
Qxb6 22. Bd2 Rfb8 23. Bc3 a4 24. Ra1 Qb3 25. Qxb3 Rxb3 26. Ra2 Rb6 27. Rfa1
Rba6 28. Ra3 Ne7 29. b3 Nc8 30. bxa4 Rb8 31. a5 Bf6 32. Bf1 Raa8 33. Bh3 Na7
34. Bd7 Bd8 35. a6 Kf8 36. d4 Ke7 37. Ba4 cxd4 38. exd4 f6 39. dxe5 fxe5 40. f4
Nb5 41. Bxb5 Rxb5 42. fxe5 dxe5 43. Re1 Bb6+ 44. Kg2 Rxd5 45. Rxe5+ Rxe5 46.
Bxe5 Kd7 47. Kf3 Kc6 48. Kg4 Bc5 49. Ra2 Rf8 50. Bf4 Rf7 51. Bb8 Ba7 52. Bxa7
Rxa7 53. Kg5 Kd5 54. Kf6 Kd6 55. Re2 Kd5 56. Re5+ Kd6 57. g4 Ra8 58. g5 Ra7 59.
h4 Rc7 60. Re6+ Kd5 61. Re7 Rc6+ 62. Kg7 Rxa6 63. Kxh7 Kd6 64. Rf7 Ra4 65. Kxg6
Rxh4 66. Kg7 Ke6 67. g6 Rg4 68. Rf1 Ke7 69. Re1+ Kd7 70. Kf7 Rf4+ 71. Kg8 Rg4
72. g7 Rh4 73. Re2 Rh1 74. Re4 Rh2 75. Kf7 1-0

[Event "Liga Madrileña - DH 2014-2015"]
[Site "Madrid ESP"]
[Date "2015.03.01"]
[Round "12.14"]
[White "Suarez Uriel, Adrian"]
[Black "Fernandez Garcia, Miguel Angel"]
[Result "1/2-1/2"]
[WhiteElo "2341"]
[BlackElo "2283"]
[PlyCount "65"]
[EventDate "2014.11.23"]
[EventType "team-tourn"]
[EventRounds "14"]
[EventCountry "ESP"]
[Source "lmi"]
[SourceDate "2014.11.23"]
[WhiteTeam "La Casa del Ajedrez"]
[BlackTeam "Liberty Chess"]
[WhiteTeamCountry "ESP"]
[BlackTeamCountry "ESP"]

1. e4 Nf6 2. e5 Nd5 3. d4 d6 4. c4 Nb6 5. exd6 exd6 6. h3 Be7 7. Nf3 Bf5 8. Nc3
Nc6 9. Bf4 O-O 10. Be2 Re8 11. O-O Bf6 12. Rc1 a6 13. b3 h6 14. Re1 Ne7 15. Bg3
Ng6 16. Qd2 Qd7 17. Nd1 Rad8 18. Ne3 Be4 19. Nh2 Bg5 20. Qa5 Bxe3 21. fxe3 Qf5
22. Qxf5 Bxf5 23. Bf3 Be4 24. Ng4 Bxf3 25. gxf3 f5 26. Nf2 Nd7 27. Nd3 Nf6 28.
Kf2 c6 29. c5 dxc5 30. Nxc5 Re7 31. Nd3 Nh5 32. Ne5 Nf8 33. f4 1/2-1/2

[Event "Liga Madrileña - DH 2014-2015"]
[Site "Madrid ESP"]
[Date "2015.03.01"]
[Round "12.15"]
[White "Paredes Sanchez, Juan Antonio"]
[Black "Madina Yadarola, Martin"]
[Result "0-1"]
[WhiteElo "2195"]
[BlackElo "2281"]
[PlyCount "74"]
[EventDate "2014.11.23"]
[EventType "team-tourn"]
[EventRounds "14"]
[EventCountry "ESP"]
[Source "lmi"]
[SourceDate "2014.11.23"]
[WhiteTeam "Liberty Chess"]
[BlackTeam "La Casa del Ajedrez"]
[WhiteTeamCountry "ESP"]
[BlackTeamCountry "ESP"]

1. e4 d6 2. d4 Nf6 3. Nc3 c6 4. g3 e5 5. Nge2 Be7 6. a4 h5 7. h3 Nbd7 8. Bg2 h4
9. g4 Nh7 10. O-O g5 11. Qd3 Ndf8 12. Nd1 Ng6 13. Ne3 Nf4 14. Nxf4 gxf4 15. Nc4
Qc7 16. b3 Be6 17. d5 cxd5 18. exd5 Bd7 19. Re1 Kf8 20. Rxe5 dxe5 21. d6 Bxd6
22. Nxd6 Kg7 23. Bb2 f6 24. Bxb7 Rad8 25. Rd1 Ng5 26. Kh2 Be6 27. Bg2 Rd7 28.
Ba3 Rhd8 29. c4 Nf7 30. c5 Nxd6 31. cxd6 Qb6 32. Rb1 Qxf2 33. Rb2 Rxd6 34. Bxd6
Qxb2 35. g5 fxg5 36. Qa6 f3 37. Qb7+ Rd7 0-1

[Event "Liga Madrileña - DH 2014-2015"]
[Site "Madrid ESP"]
[Date "2015.03.01"]
[Round "12.16"]
[White "Collado Barbas, Laura"]
[Black "Suarez Triguero, Jose Alfonso"]
[Result "0-1"]
[WhiteElo "2132"]
[BlackElo "2074"]
[PlyCount "126"]
[EventDate "2014.11.23"]
[EventType "team-tourn"]
[EventRounds "14"]
[EventCountry "ESP"]
[Source "lmi"]
[SourceDate "2014.11.23"]
[WhiteTeam "La Casa del Ajedrez"]
[BlackTeam "Liberty Chess"]
[WhiteTeamCountry "ESP"]
[BlackTeamCountry "ESP"]

1. d4 Nf6 2. c4 c5 3. d5 e5 4. Nc3 d6 5. e4 Be7 6. h3 Nbd7 7. Bd3 Nf8 8. Nge2
Ng6 9. g4 Nh4 10. Ng3 O-O 11. Nf5 Ne8 12. Nxe7+ Qxe7 13. Rg1 Bd7 14. Rg3 Nc7
15. Be3 f6 16. Qe2 g5 17. Qd2 a6 18. a4 Rfb8 19. Ke2 Qe8 20. Bxg5 fxg5 21.
Qxg5+ Ng6 22. h4 Qd8 23. Qxd8+ Rxd8 24. h5 Nf4+ 25. Ke3 b5 26. b3 bxa4 27. Nxa4
Bxa4 28. Rxa4 Nxd3 29. Kxd3 Rf8 30. Ke2 Rab8 31. Rc3 Rb6 32. f3 Rfb8 33. Ra3
Kg7 34. Kd2 Kf6 35. Kc2 Kg5 36. Ra1 h6 37. Rg1 a5 38. Ra1 Ra8 39. Kd2 Rbb8 40.
Ke2 Na6 41. Rxa5 Nb4 42. Ra4 Rxa4 43. bxa4 Ra8 44. Ra3 Nc2 45. Ra2 Nb4 46. Ra3
Ra5 47. Kd2 Kf4 48. Kd1 Kg3 49. Kd2 Ra8 50. a5 Ra7 51. Kd1 Kf4 52. Kd2 Rb7 53.
Ke2 Na6 54. Kd2 Rb2+ 55. Kc1 Rb4 56. Rc3 Ra4 57. Kd2 Rxa5 58. Ke2 Ra2+ 59. Ke1
Nb4 60. Kf1 Ra4 61. Kg2 Ra2+ 62. Kf1 Nc2 63. Rb3 Ne3+ 0-1

[Event "Liga Madrileña - DH 2014-2015"]
[Site "Madrid ESP"]
[Date "2015.03.01"]
[Round "12.21"]
[White "Alonso Nieto, Santiago"]
[Black "Fernandez Lledo, Javier"]
[Result "0-1"]
[WhiteElo "2131"]
[BlackElo "2256"]
[PlyCount "54"]
[EventDate "2014.11.23"]
[EventType "team-tourn"]
[EventRounds "14"]
[EventCountry "ESP"]
[Source "lmi"]
[SourceDate "2014.11.23"]
[WhiteTeam "Moratalaz"]
[BlackTeam "Pueblo Nuevo"]
[WhiteTeamCountry "ESP"]
[BlackTeamCountry "ESP"]

1. d4 Nf6 2. c4 g6 3. Nc3 Bg7 4. e4 d6 5. f3 O-O 6. Be3 a6 7. Qd2 Nbd7 8. g4 c5
9. Nge2 b5 10. cxb5 axb5 11. Nxb5 Ba6 12. Nec3 Qa5 13. Na3 Rfc8 14. Bxa6 Qxa6
15. Rd1 Rab8 16. g5 Nh5 17. Nd5 Kf8 18. Rf1 e6 19. Nc3 cxd4 20. Bxd4 Bxd4 21.
Qxd4 Rxb2 22. Nab5 Nf4 23. Rf2 Ne5 24. Rdd2 Rxb5 25. Nxb5 Rc1+ 26. Rd1 Ned3+
27. Kd2 Qxa2+ 0-1

[Event "Liga Madrileña - DH 2014-2015"]
[Site "Madrid ESP"]
[Date "2015.03.01"]
[Round "12.22"]
[White "Nieto de la Cruz, Julio"]
[Black "Gonzalez Rivera, Eduardo"]
[Result "1-0"]
[WhiteElo "2178"]
[BlackElo "2092"]
[PlyCount "97"]
[EventDate "2014.11.23"]
[EventType "team-tourn"]
[EventRounds "14"]
[EventCountry "ESP"]
[Source "lmi"]
[SourceDate "2014.11.23"]
[WhiteTeam "Pueblo Nuevo"]
[BlackTeam "Moratalaz"]
[WhiteTeamCountry "ESP"]
[BlackTeamCountry "ESP"]

1. d4 Nf6 2. c4 g6 3. Nc3 d5 4. Nf3 Bg7 5. Bf4 O-O 6. e3 c5 7. Rc1 Qa5 8. Qa4
Qxa4 9. Nxa4 cxd4 10. Nxd4 Nc6 11. Nxc6 bxc6 12. c5 Nd7 13. Bc7 Be5 14. Ba5 Bg7
15. Be2 Ne5 16. O-O Bf5 17. Rfd1 Bg4 18. f3 Be6 19. Kf2 Nc4 20. Bc3 Bxc3 21.
Rxc3 Rab8 22. b3 Ne5 23. Rd4 f5 24. Nb2 g5 25. Ra4 Rb7 26. Nd1 Ng6 27. Rd3 Bd7
28. Rdd4 e5 29. Rdb4 Rfb8 30. a3 Nf8 31. Nc3 d4 32. Rxb7 Rxb7 33. exd4 Be6 34.
d5 Bxd5 35. Nxd5 cxd5 36. b4 Ne6 37. Ra6 Kf7 38. Rd6 Nf4 39. Ba6 Re7 40. g3
Nh3+ 41. Kg2 g4 42. Rxd5 Ng5 43. fxg4 fxg4 44. b5 Kg6 45. b6 axb6 46. cxb6 e4
47. b7 Re8 48. Rc5 Rd8 49. Kf2 1-0

[Event "Liga Madrileña - DH 2014-2015"]
[Site "Madrid ESP"]
[Date "2015.03.01"]
[Round "12.23"]
[White "Garcia Ruido, Ricardo"]
[Black "Iturbide Arnedo, Oscar"]
[Result "1/2-1/2"]
[WhiteElo "2053"]
[BlackElo "2168"]
[PlyCount "80"]
[EventDate "2014.11.23"]
[EventType "team-tourn"]
[EventRounds "14"]
[EventCountry "ESP"]
[Source "lmi"]
[SourceDate "2014.11.23"]
[WhiteTeam "Moratalaz"]
[BlackTeam "Pueblo Nuevo"]
[WhiteTeamCountry "ESP"]
[BlackTeamCountry "ESP"]

1. d4 g6 2. e4 Bg7 3. Nf3 d6 4. Bc4 e6 5. Bb3 Ne7 6. O-O h6 7. Re1 O-O 8. Nbd2
e5 9. dxe5 dxe5 10. h3 Nd7 11. Bc4 Nc5 12. Bf1 a5 13. a4 Nc6 14. Qe2 b6 15. c3
Ba6 16. Qe3 Qe7 17. Bb5 Na7 18. Bc4 Bxc4 19. Nxc4 Qe6 20. Ncd2 Rfd8 21. Qe2 Nd3
22. Rd1 Nf4 23. Qe1 Nc6 24. Nf1 Rxd1 25. Qxd1 Rd8 26. Qe2 Nd3 27. Be3 Bf8 28.
Rd1 Nf4 29. Rxd8 Nxd8 30. Qd2 Qd6 31. Qxd6 Bxd6 32. Bxf4 exf4 33. e5 Be7 34.
N1d2 Ne6 35. Ne4 Kg7 36. Kf1 f5 37. exf6+ Bxf6 38. Nxf6 Kxf6 39. b4 Nd8 40.
bxa5 bxa5 1/2-1/2

[Event "Liga Madrileña - DH 2014-2015"]
[Site "Madrid ESP"]
[Date "2015.03.01"]
[Round "12.24"]
[White "Navarro Nicolas, Victor Manuel"]
[Black "Mansilla Tolosa, Luis Eduardo"]
[Result "1/2-1/2"]
[WhiteElo "2156"]
[BlackElo "2053"]
[PlyCount "80"]
[EventDate "2014.11.23"]
[EventType "team-tourn"]
[EventRounds "14"]
[EventCountry "ESP"]
[Source "lmi"]
[SourceDate "2014.11.23"]
[WhiteTeam "Pueblo Nuevo"]
[BlackTeam "Moratalaz"]
[WhiteTeamCountry "ESP"]
[BlackTeamCountry "ESP"]

1. Nf3 Nf6 2. c4 e6 3. g3 d5 4. Bg2 Bd6 5. O-O O-O 6. b3 Qe7 7. d4 c6 8. Bb2
Ne4 9. Nbd2 f5 10. Ne5 Nd7 11. Ndf3 Qf6 12. Nxd7 Bxd7 13. Ne5 Rad8 14. f3 Ng5
15. e4 dxe4 16. fxe4 Qe7 17. exf5 exf5 18. Re1 Rfe8 19. Qd2 Ne4 20. Bxe4 fxe4
21. Qe3 Bxe5 22. dxe5 Bf5 23. Rad1 a6 24. Bd4 Rd7 25. Bc5 Qxe5 26. Rxd7 Bxd7
27. Bd4 Qe6 28. Rf1 Rf8 29. Re1 Qf5 30. Bc5 Rf7 31. Rd1 Qf3 32. Qxf3 exf3 33.
Kf2 h5 34. Be3 Bg4 35. h4 Re7 36. Rd2 Kf7 37. Rd4 b5 38. c5 Rd7 39. Rxd7+ Bxd7
40. Kxf3 g6 1/2-1/2

[Event "Liga Madrileña - DH 2014-2015"]
[Site "Madrid ESP"]
[Date "2015.03.01"]
[Round "12.25"]
[White "Cobo Diego, Fidel"]
[Black "Barez Menendez, Hector"]
[Result "1/2-1/2"]
[WhiteElo "2035"]
[BlackElo "2144"]
[PlyCount "55"]
[EventDate "2014.11.23"]
[EventType "team-tourn"]
[EventRounds "14"]
[EventCountry "ESP"]
[Source "lmi"]
[SourceDate "2014.11.23"]
[WhiteTeam "Moratalaz"]
[BlackTeam "Pueblo Nuevo"]
[WhiteTeamCountry "ESP"]
[BlackTeamCountry "ESP"]

1. e4 e5 2. Nf3 d6 3. Bc4 Be6 4. Bxe6 fxe6 5. d4 exd4 6. Nxd4 Qd7 7. O-O e5 8.
Nf3 Nf6 9. Nc3 Be7 10. Bg5 Nc6 11. Bxf6 Bxf6 12. Nd5 O-O 13. c3 Kh8 14. Nd2 Bg5
15. Nf3 Bh6 16. Qe2 Ne7 17. Nxe7 Qxe7 18. Ne1 Rf7 19. Rd1 a5 20. Rd3 Raf8 21.
Rh3 Rf4 22. Nd3 R4f7 23. b3 Qg5 24. Rd1 b6 25. Rg3 Qh4 26. Rh3 Qg5 27. Rg3 Qh4
28. Rh3 1/2-1/2

[Event "Liga Madrileña - DH 2014-2015"]
[Site "Madrid ESP"]
[Date "2015.03.01"]
[Round "12.26"]
[White "De la Puerta Cresis, Javier"]
[Black "Barranco Sanz, Luis Miguel"]
[Result "0-1"]
[WhiteElo "2097"]
[BlackElo "1988"]
[PlyCount "100"]
[EventDate "2014.11.23"]
[EventType "team-tourn"]
[EventRounds "14"]
[EventCountry "ESP"]
[Source "lmi"]
[SourceDate "2014.11.23"]
[WhiteTeam "Pueblo Nuevo"]
[BlackTeam "Moratalaz"]
[WhiteTeamCountry "ESP"]
[BlackTeamCountry "ESP"]

1. c4 c6 2. g3 d5 3. Bg2 Nf6 4. Nf3 g6 5. b3 Bg7 6. Bb2 O-O 7. O-O Bg4 8. h3
Bxf3 9. Bxf3 Re8 10. d4 Ne4 11. Nd2 f5 12. Nxe4 fxe4 13. Bg4 e6 14. h4 Nd7 15.
e3 Nf6 16. f4 Nxg4 17. Qxg4 Qf6 18. Rac1 Qf5 19. Qxf5 gxf5 20. h5 Bf8 21. Kf2
Kf7 22. g4 fxg4 23. Rg1 Be7 24. Rxg4 Rg8 25. Rcg1 Rxg4 26. Rxg4 Rg8 27. Kg3
Rxg4+ 28. Kxg4 Bb4 29. Bc1 Kf6 30. cxd5 cxd5 31. a3 Bc3 32. a4 Bb4 33. Kh4 Kf5
34. Kg3 Be1+ 35. Kh3 a6 36. h6 Bc3 37. Kg3 Bb4 38. Kh4 Kg6 39. Kg4 Be1 40. f5+
exf5+ 41. Kf4 Kf6 42. Ba3 Bh4 43. Bf8 Bg5+ 44. Kg3 Bxe3 45. b4 f4+ 46. Kg4 f3
47. Kg3 Kf5 48. Bg7 Bf4+ 49. Kf2 Kg4 50. b5 e3+ 0-1

[Event "Liga Madrileña - DH 2014-2015"]
[Site "Madrid ESP"]
[Date "2015.03.01"]
[Round "12.31"]
[White "Anton Guijarro, David"]
[Black "Moreno Trujillo, Alejandro"]
[Result "1-0"]
[WhiteElo "2607"]
[BlackElo "2522"]
[PlyCount "71"]
[EventDate "2014.11.23"]
[EventType "team-tourn"]
[EventRounds "14"]
[EventCountry "ESP"]
[Source "lmi"]
[SourceDate "2014.11.23"]
[WhiteTeam "Virgen de Atocha"]
[BlackTeam "64 Villalba"]
[WhiteTeamCountry "ESP"]
[BlackTeamCountry "ESP"]

1. e4 Nc6 2. d4 d5 3. e5 Bf5 4. c3 e6 5. Bd3 Bxd3 6. Qxd3 f6 7. f4 Qd7 8. Nf3
Nh6 9. Be3 Be7 10. Nbd2 Nf5 11. Bf2 h5 12. b4 Nd8 13. a4 Nf7 14. O-O fxe5 15.
dxe5 g5 16. fxg5 Bxg5 17. Nb3 Be7 18. Nbd4 Nxd4 19. Bxd4 O-O-O 20. Bxa7 Rdg8
21. a5 Ng5 22. Nxg5 Rxg5 23. Be3 Rg7 24. Bd4 Kb8 25. b5 Rhg8 26. Rf2 Rg4 27.
Kh1 h4 28. Rfa2 c5 29. bxc6 Qxc6 30. Rb1 Bc5 31. Bxc5 Qxc5 32. Rbb2 Qc6 33. Rb6
Qc8 34. a6 Qc5 35. Rxb7+ Ka8 36. Qh7 1-0

[Event "Liga Madrileña - DH 2014-2015"]
[Site "Madrid ESP"]
[Date "2015.03.01"]
[Round "12.33"]
[White "Rubio Mejia, Luis Ignacio"]
[Black "Rioboo de la Riva, Alvaro"]
[Result "1/2-1/2"]
[WhiteElo "2453"]
[BlackElo "2270"]
[PlyCount "60"]
[EventDate "2014.11.23"]
[EventType "team-tourn"]
[EventRounds "14"]
[EventCountry "ESP"]
[Source "lmi"]
[SourceDate "2014.11.23"]
[WhiteTeam "Virgen de Atocha"]
[BlackTeam "64 Villalba"]
[WhiteTeamCountry "ESP"]
[BlackTeamCountry "ESP"]

1. d4 Nf6 2. c4 g6 3. Nc3 Bg7 4. e4 d6 5. Nf3 O-O 6. Be2 Na6 7. O-O e5 8. Re1
exd4 9. Nxd4 Nc5 10. f3 Nh5 11. g3 a5 12. Be3 f5 13. exf5 gxf5 14. f4 Nf6 15.
Nc2 c6 16. Bd4 Ne6 17. Bf2 Ne4 18. Nxe4 fxe4 19. Bg4 d5 20. cxd5 cxd5 21. Bxe6+
Bxe6 22. Bd4 Rc8 23. Ne3 Rc6 24. Bxg7 Kxg7 25. Qd4+ Qf6 26. Rad1 Rd8 27. Kf2
Kf7 28. Re2 Qh6 29. Kg1 Qh5 30. Rf2 Bg4 1/2-1/2

[Event "Liga Madrileña - DH 2014-2015"]
[Site "Madrid ESP"]
[Date "2015.03.01"]
[Round "12.34"]
[White "Cabanas Jimenez, Andres"]
[Black "Fernandez Barrera, Victor"]
[Result "1/2-1/2"]
[WhiteElo "2212"]
[BlackElo "2261"]
[PlyCount "95"]
[EventDate "2014.11.23"]
[EventType "team-tourn"]
[EventRounds "14"]
[EventCountry "ESP"]
[Source "lmi"]
[SourceDate "2014.11.23"]
[WhiteTeam "64 Villalba"]
[BlackTeam "Virgen de Atocha"]
[WhiteTeamCountry "ESP"]
[BlackTeamCountry "ESP"]

1. e4 e6 2. Nc3 d5 3. Nf3 Nf6 4. e5 Nfd7 5. d4 c5 6. dxc5 Nc6 7. Bf4 Nxc5 8.
Bb5 a6 9. Bxc6+ bxc6 10. O-O a5 11. Re1 Be7 12. Nd4 Bd7 13. Qg4 g5 14. Bd2 h5
15. Qe2 Qb6 16. Nb3 Nb7 17. Na4 Qc7 18. c4 c5 19. cxd5 exd5 20. Nc3 Be6 21. a4
Qd7 22. Nb5 d4 23. Nc1 h4 24. Qe4 Rc8 25. Bxg5 Bxg5 26. Qxb7 Qxb7 27. Nd6+ Kd7
28. Nxb7 Bd5 29. Nd6 Rb8 30. Nd3 c4 31. Nc5+ Kc6 32. Nce4 Bf4 33. Nb5 Bxe5 34.
Rad1 Rhe8 35. Nxd4+ Bxd4 36. Rxd4 Re6 37. f3 Rxb2 38. Rc1 Rg6 39. g4 hxg3 40.
Nxg3 Kc5 41. Rf4 Rb3 42. Kf2 Rb2+ 43. Ke3 Rxh2 44. Ne4+ Kc6 45. Nf6 Ra2 46.
Nxd5 Re6+ 47. Re4 Kxd5 48. Rcxc4 1/2-1/2

[Event "Liga Madrileña - DH 2014-2015"]
[Site "Madrid ESP"]
[Date "2015.03.01"]
[Round "12.35"]
[White "Rodrigo Yanguas, Maria"]
[Black "Cabanas Jimenez, Manuel"]
[Result "1-0"]
[WhiteElo "2184"]
[BlackElo "2127"]
[PlyCount "51"]
[EventDate "2014.11.23"]
[EventType "team-tourn"]
[EventRounds "14"]
[EventCountry "ESP"]
[Source "lmi"]
[SourceDate "2014.11.23"]
[WhiteTeam "Virgen de Atocha"]
[BlackTeam "64 Villalba"]
[WhiteTeamCountry "ESP"]
[BlackTeamCountry "ESP"]

1. e4 c5 2. Nf3 Qa5 3. Nc3 e6 4. Be2 Nc6 5. O-O Be7 6. d4 cxd4 7. Nxd4 a6 8.
Be3 Nf6 9. Kh1 O-O 10. f4 d6 11. Qe1 Qc7 12. Rd1 Bd7 13. Qg3 Rfd8 14. Bd3 e5
15. fxe5 dxe5 16. Nf5 Bxf5 17. Rxf5 Nb4 18. Bh6 Ne8 19. Rdf1 f6 20. Be2 Rd6 21.
Bh5 Kh8 22. Bxe8 gxh6 23. Bf7 Nxc2 24. Nd5 Rxd5 25. Bxd5 Qd8 26. Rh5 1-0

[Event "Liga Madrileña - DH 2014-2015"]
[Site "Madrid ESP"]
[Date "2015.03.01"]
[Round "12.36"]
[White "Rodriguez Perez, David Antonio"]
[Black "Plazuelo Pascual, Juan"]
[Result "0-1"]
[WhiteElo "2018"]
[BlackElo "2122"]
[PlyCount "30"]
[EventDate "2014.11.23"]
[EventType "team-tourn"]
[EventRounds "14"]
[EventCountry "ESP"]
[Source "lmi"]
[SourceDate "2014.11.23"]
[WhiteTeam "64 Villalba"]
[BlackTeam "Virgen de Atocha"]
[WhiteTeamCountry "ESP"]
[BlackTeamCountry "ESP"]

1. d4 Nf6 2. Bg5 Ne4 3. Bf4 e6 4. Nf3 d5 5. g3 c5 6. Bg2 Nc6 7. O-O Qb6 8. Nc3
Qxb2 9. Nxe4 dxe4 10. Ne5 Nxd4 11. Bxe4 f6 12. Nc4 Qb5 13. Qd3 e5 14. c3 Be6
15. Na3 Nxe2+ 0-1

[Event "Liga Madrileña - DH 2014-2015"]
[Site "Madrid ESP"]
[Date "2015.03.01"]
[Round "12.41"]
[White "Granda Zuniga, Julio E"]
[Black "Bolado Saez, Sergio"]
[Result "1/2-1/2"]
[WhiteElo "2654"]
[BlackElo "2358"]
[PlyCount "148"]
[EventDate "2014.11.23"]
[EventType "team-tourn"]
[EventRounds "14"]
[EventCountry "ESP"]
[Source "lmi"]
[SourceDate "2014.11.23"]
[WhiteTeam "Collado Villalba"]
[BlackTeam "Blanco y Negro"]
[WhiteTeamCountry "ESP"]
[BlackTeamCountry "ESP"]

1. Nf3 d5 2. b3 c5 3. Bb2 f6 4. e3 e5 5. d4 cxd4 6. exd4 e4 7. Nfd2 f5 8. c4
Nf6 9. Nc3 Be6 10. cxd5 Nxd5 11. Bc4 Bb4 12. Nxd5 Bxd5 13. Qh5+ g6 14. Qh6 Nc6
15. O-O-O Qa5 16. Kb1 Bxd2 17. Rxd2 O-O-O 18. Rc1 Kb8 19. a3 Qc7 20. b4 Qf7 21.
Qf4+ Ka8 22. Bf1 h6 23. Rdc2 g5 24. Qd2 f4 25. b5 Ne7 26. Rc7 Qe6 27. Ka1 e3
28. fxe3 fxe3 29. Qb4 Nc8 30. Re1 Rhf8 31. Bc1 Rf2 32. Rxe3 Qg4 33. h3 Qf4 34.
Rec3 Qf5 35. Bd3 Qe6 36. g4 Nb6 37. Bf5 Qe2 38. Rc2 Qf1 39. Rxf2 Qxf2 40. Rc2
Qf1 41. a4 Nc4 42. Qc3 Qg1 43. Re2 b6 44. Be4 Bxe4 45. Rxe4 Rc8 46. Re1 Qf2 47.
Bb2 Kb8 48. Rc1 Nd6 49. Qe1 Qxe1 50. Rxe1 Rc4 51. Re6 Rxa4+ 52. Kb1 Nxb5 53. d5
Na3+ 54. Kc1 Nc4 55. Bg7 Ra5 56. d6 Rd5 57. Bxh6 Nxd6 58. Bxg5 Rxg5 59. Rxd6 b5
60. Rd4 Kb7 61. h4 Rc5+ 62. Kb2 Re5 63. h5 Re2+ 64. Kc3 Rh2 65. Rd6 a5 66. h6
Rh3+ 67. Kd4 b4 68. g5 b3 69. Rd5 Kb6 70. Kc4 a4 71. Kb4 Kc6 72. Rd2 Rh5 73.
Rg2 b2 74. Rxb2 Rxg5 1/2-1/2